000 01978nam a2200469 a 4500
003 BLK
005 20240731115430.0
008 180408b bul|||||r ||||||| ||bul||
010 _aKNG00096383000
020 _a978-954-9742-27-5
040 _aBLK
041 _aBUL
_cBUL
072 7 _2bullib
_aК
_xКраезнание
072 7 _2bullib
_aН70
_xИзкуства Н
072 7 _2bullib
_aН93
_xКраезнание - отраслова литература Н
080 _aБалет. Изпълнители, актьори
_b792.8.071.2
_x(497.2)(092)
_z792.8.071.2(497.2)(092)
080 _aБалетни танци - изпълнители
_b793.32.071.2
_x(497.2)(092)
_z793.32.071.2(497.2)(092)
080 _aБългарски балетмайстор и хореограф(1908-1983)
_b929 Манолов, Асен Стоянов
_z929 Манолов, Асен Стоянов
100 1 _aТренкова, Росица
_9304489
245 1 0 _aАсен Манолов
_bСеверният принц на балета
_cРосица Тренкова.
257 _aBGR
260 _bКоралов и сие
_c2010
_fСофия : Дими 99
_aСофия
300 _a92 с.
_bсъс сн.
_c24 см
380 _a7
600 0 _aМанолов, Асен Стоянов
_d1908 - 1982
_gБългарски балетист и хореограф
_9303169
650 4 _aБалетисти, български
_9250161
650 4 _aБалет, български - история
_9263561
653 _aбалет
653 _aбалетисти
653 _aАсен Манолов
659 _aК
852 _aЦб 248294
_bЦб
852 _aК 792/М 27
856 4 _qpdf
856 4 _qpdf
942 _cKNG
_n0
_s1
944 _aCR
_c28.05.2010
_k30535
_lХристина Везирева
944 _aED
_c17.07.2023
_kир
999 _c91623
_d91623
999 _d91623
999 _d91623